| 000 | 004500000a22001690004500 | ||
|---|---|---|---|
| 003 | MACL | ||
| 005 | 20160106165559.0 | ||
| 008 | 160106b xxu||||| |||| 00| 0 eng d | ||
| 040 |
_aMACL _cMACL |
||
| 041 | _aEnglish | ||
| 082 | _a821/ROS | ||
| 100 |
_aRossetti, William M _928982 |
||
| 245 | _aThe Political Works of Dante Gabriel Rossetti | ||
| 260 |
_bThomas Y Crowell & Company _aNew York |
||
| 650 |
_aPoetry _928983 |
||
| 942 |
_cBK _k821/ROS _2ddc |
||
| 999 |
_c36573 _d36573 |
||